Vybrané způsoby boje s korupcí

Možnosti a spôsoby boja proti korupcie. Boj so systémovou korupciou. Financovanie politických strán ako prostriedok boja proti systémovej korupcie. Asymetrický design sankcií za korupčné kontrakty. Hongkong a Singapur ako príklad úspešných krajín. Investície do udského a sociálneho kapitálu ako pr...

Descripción completa

Guardado en:
Detalles Bibliográficos
Autor principal: Wawrosz, Petr
Formato: Capítulo de libro
Lenguaje:checo
Materias:
Etiquetas: Agregar Etiqueta
Sin Etiquetas, Sea el primero en etiquetar este registro!

MARC

LEADER 00000naa a2200000 4500
001 0216425
005 20220713130936.1
041 0 |a cze 
044 |a CZ 
245 1 0 |a Vybrané způsoby boje s korupcí  |c Petr Wawrosz 
520 |a Možnosti a spôsoby boja proti korupcie. Boj so systémovou korupciou. Financovanie politických strán ako prostriedok boja proti systémovej korupcie. Asymetrický design sankcií za korupčné kontrakty. Hongkong a Singapur ako príklad úspešných krajín. Investície do udského a sociálneho kapitálu ako prostriediedok boja s korupciou. 
610 2 0 |a korupcia 
610 2 0 |a Singapur 
610 2 0 |a Hongkong 
610 2 0 |a kapitál ľudský 
610 2 0 |a kapitál sociálny 
100 1 |a Wawrosz, Petr